000 00400pab a2200145 454500
008 180718b1998 xxu||||| |||| 00| 0 eng d
100 _aGabbriel, Yiannis
245 _aPsychoanalytic contributions to the study of the emotional life of organizations
260 _c1998
300 _ap.291-314
362 _aJun
650 _aOrganizations
773 _aAdministration and Society
909 _a38754
999 _c38754
_d38754